000 00573nam a2200205Ia 4500
003 OSt
005 20220928133358.0
006 a|||||r|||| 00| 0
007 ta
008 220927b |||||||| |||| 00| 0 hin d
024 _a141936
037 _cReports / Technical Reports
040 _aSDCL
_cSDCL
_bhin
041 _2hin
_ahin
082 _aX621.2rP01, P2 RR
245 0 _aAnnual report 2001-02
260 _aMumbai
_bReserve Bank of India
_c2002
942 _hX621.2rP01, P2 RR
_cREP
_2CC
999 _c799431
_d799431